The Fungus Among Us Quiz Stats

Quiz not verified by Sporcle

Challenge
Share
Tweet
Embed
Score 0/20 Timer 03:00
0 Plays Today
Rank Country % Correct
(2)United States of America
97.8%
(1)People's Republic of China
93.7%
(5)French Republic
92.6%
(6)Kingdom of Spain
89.7%
(12)Federal Republic of Germany
89.7%
(14)United Kingdom of Great Britain and Northern Ireland
87.8%
(7)Italian Republic
87.5%
(8)Canada
82.3%
(9)Japan
80.8%
(16)Republic of India
80.4%
Rank Country % Correct
(4)Republic of Poland
71.2%
(13)Commonwealth of Australia
68.3%
(3)Kingdom of the Netherlands
64.2%
(15)Kingdom of Belgium
59.4%
(17)Republic of Korea
59.4%
(11)Ireland
57.6%
(10)Republic of Indonesia
52%
(19)Islamic Republic of Iran
48.7%
(18)Republic of Hungary
46.1%
(20)Socialist Republic of Vietnam
44.6%

You're not logged in!

Compare scores with friends on all Sporcle quizzes.
Join for Free
OR
Log In

You Might Also Like...

Show Comments

Extras

Top Quizzes Today


Score Distribution

Your Account Isn't Verified!

In order to create a playlist on Sporcle, you need to verify the email address you used during registration. Go to your Sporcle Settings to finish the process.

Report this User

Report this user for behavior that violates our Community Guidelines.

Details: